书目信息 |
| 题名: |
学习颜真卿多宝塔技法
|
|
| 作者: | 陈利华 编著 | |
| 分册: | ||
| 出版信息: | 北京 人民中国出版社 1993.1 |
|
| 页数: | 111页 | |
| 开本: | 26cm | |
| 丛书名: | 学习名家法帖技法丛书 | |
| 单 册: | ||
| 中图分类: | J292.24 , J292.11 | |
| 科图分类: | 48.3221 | |
| 主题词: | 书法-楷书--中国 , 楷书-法帖--中国--唐代 , 楷书-书法--中国 , 法帖-楷书--中国--唐代 | |
| 电子资源: | ||
| ISBN: | 7-80065-122-3 | |
| 000 | 01021nam2 2200325 45 | |
| 001 | 0193029539 | |
| 005 | 20061114160658.89 | |
| 010 | @a7-80065-122-3@dCNY9.10 | |
| 100 | @a19930712d1993 demy0chiy0121 ea | |
| 101 | 0 | @achi |
| 102 | @aCN@b110000 | |
| 105 | @ay z 000yy | |
| 200 | 10 | @a学习颜真卿多宝塔技法@AXUE XI YAN ZHEN QING DUO BAO TA JI FA@f陈利华编著@FCHEN LI HUA BIAN ZHU |
| 210 | @a北京@c人民中国出版社@d1993.1 | |
| 215 | @a111页@d26cm | |
| 225 | 2 | @a学习名家法帖技法丛书 |
| 330 | @a《多宝塔》是颜真卿壮举时期的作品。 | |
| 410 | 0 | @120010@a学习名家法帖技法丛书 |
| 516 | 1 | @a学习名家法帖技法@AXUE XI MING JIA FA TIE JI FA |
| 540 | 1 | @a颜真卿 多宝塔@AYAN ZHEN QING DUO BAO TA |
| 606 | @a书法-楷书@y中国 | |
| 606 | @a楷书-法帖@y中国@z唐代 | |
| 606 | @a楷书-书法@y中国 | |
| 606 | @a法帖-楷书@y中国@z唐代 | |
| 690 | @aJ292.24@v三版 | |
| 690 | @aJ292.11@v三版 | |
| 692 | @a48.3221 | |
| 701 | 0 | @a陈利华@ACHEN LI HUA@4编著 |
| 801 | 0 | @aCN@bTSSF@c20061114 |
| 905 | @a10447@dJ292.11@e285 | |
| 学习颜真卿多宝塔技法/陈利华编著.-北京:人民中国出版社,1993.1 |
| 111页;26cm.-(学习名家法帖技法丛书) |
| ISBN 7-80065-122-3:CNY9.10 |
| 《多宝塔》是颜真卿壮举时期的作品。 |
| ● |
| 相关链接 |
|
|
|
|
正题名:学习颜真卿多宝塔技法
索取号:J292.11/285
 
预约/预借
| 序号 | 登录号 | 条形码 | 馆藏地/架位号 | 状态 | 备注 |
| 1 | 0261144 | 001212547 | 第一样本阅览室/ [索取号:J292.11/285] | 在馆 |